[Event "Goodricke op 12th"]
[Site "Kolkata"]
[Date "2001.02.08"]
[Round "3"]
[White "Kharlov, Andrei"]
[Black "Datu, Idelfonso"]
[Result "1-0"]
[WhiteElo "2639"]
[BlackElo "2381"]
[Annotator "Ribli"]
[PlyCount "91"]
[EventDate "2001.02.06"]
[EventType "swiss"]
[EventRounds "11"]
[EventCountry "IND"]
[SourceTitle "CBM 082"]
[Source "ChessBase"]
[SourceDate "2001.05.17"]
[SourceVersion "1"]
[SourceVersionDate "2001.05.17"]
[SourceQuality "1"]

1. c4 Nf6 2. Nc3 e6 3. e4 {Das ist eine für die Englische Eröffnung
ungewöhnlich scharfe Fortsetzung.} d5 {Das ist die natürliche Antwort, aber 3..
.c5 ist evenfalls spielbar.} 4. e5 d4 5. exf6 dxc3 6. bxc3 Qxf6 7. Nf3 $5 {
Das ist die neueste Mode - Weiß spielt nicht 7.d4, worauf 7...e5 mit
ausgezeichneten Ausgleichschancen für Schwarz folgt. Die Idee des Textzuges
ist, dass Weiß nach 7...e5 mit 8.Bd3 zu schneller Figurenentwicklung kommt.} (
7. d4 e5 $5) 7... c5 {Das ist die alte Fortsetzung - heutzutage gibt man 7...
e5 den Vorzug.} 8. d4 cxd4 (8... h6 9. Bd3 cxd4 10. cxd4 Bb4+ 11. Kf1 {Das ist
die Zugfolge aus der Stammpartie Seirawan,Y - Kortchnoj,V Wijk aan Zee 1980,
in der der Zug 11.Kf1 - wie in unserer Hauptpartie - erstmals gespielt wurde 
(siehe Anmerkung 12...Bc5).}) 9. Bd3 {Dieser Läuferzug führt zu interessantem
Spiel, während die Alternative 9.Bg5 Weiß dauerhaften Positionsvorteil
verspricht.} (9. Bg5 $1 Qf5 10. cxd4 Bb4+ 11. Bd2 Nc6 (11... Qa5 12. Rb1 Bxd2+
13. Qxd2 Qxd2+ 14. Kxd2 O-O 15. Bd3 Rd8 16. Ke3 Nd7 17. a4 Rb8 18. a5 {1-0
Loeber,W-Heinsohn,T/Germany 1999/EXT 2001 (43)}) 12. Bxb4 Nxb4 13. Rb1 Nc6 (
13... Qa5 14. Qd2 Nc6 15. Bd3 Qxd2+ 16. Kxd2 $14) 14. Bd3 Qf6 15. Be4 O-O 16.
O-O Rd8 17. Bxc6 bxc6 18. Qa4 {1-0 Tal,M-Sosonko,G/Wijk aan Zee 1976/MCD (40)})
(9. cxd4 Bb4+ 10. Bd2 Bxd2+ 11. Qxd2 O-O (11... Nc6 $5) 12. Bd3 Nc6 13. O-O Rd8
14. Rfd1 b6 $11) 9... h6 (9... Qd8 10. cxd4 Bb4+ 11. Kf1 O-O 12. h4 Be7 13.
Bxh7+ Kxh7 14. Ng5+ Bxg5 15. hxg5+ Kg6 16. Qh5+ Kf5 17. g6+ Ke4 18. Qe5+ Kd3
19. Rh3+ {1-0 Iglesias,A-Lopepe,P/Buenos Aires 1994/EXT 98 (19)}) (9... dxc3 {
Das ist die kritische Fortsetzung.} 10. O-O (10. Bg5 c2 $17) 10... h6 11. Be3
Nc6 12. Be4 Be7 13. Bxc6+ bxc6 14. Bd4 Qf5 15. Bxg7 c2 16. Qe2 Rg8 17. Bb2 Qg4
18. g3 Ba6 19. Rac1 Qxc4 20. Qe3 Qd5 21. Rfe1 c5 22. Rxc2 Bb7 {1/2-1/2
Dzindzichashvili,R-Klovans,J/Krasnodar 1966/EXT 99 (41)}) 10. cxd4 Bb4+ 11. Kf1
$5 {Auf den ersten Blick wirkt diese Fortsetzung sonderbar - Weiß kann nun
nicht mehr rochieren. Aber andererseits umgeht Weiß den Abtausch von Material,
z.B. nach 11.Bd2. In der Folge kann er u.a. durch Bb2 eine aktive
Figurenstellung aufbauen.} (11. Bd2 Bxd2+ 12. Qxd2 Nc6 13. Qe3 (13. Be4 Bd7 14.
O-O O-O 15. Rab1 Rab8 16. Bxc6 Bxc6 17. Ne5 Rfd8 $11) 13... O-O 14. O-O $14)
11... Nc6 (11... O-O 12. Bc2 (12. Bb2 Qd8 (12... Qe7 13. Bc2 Nd7 14. Qd3 f5 15.
a3 Ba5 16. d5 e5 17. d6 Qe6 18. Rd1 b6 19. Qe2 Ba6 20. Nxe5 Nxe5 21. Qxe5 Bxc4+
22. Bd3 Bxd3+ 23. Rxd3 Qxe5 24. Bxe5 {1-0 Sisniega,M-Dolgitser,K/Syosset 1984/
EXT 2000 (60)}) 13. Qe2 Nd7 14. h4 Nf6 15. Ne5 Bd6 16. Rh3 b6 17. Rg3 Bb7 18.
Rd1 Qe7 19. Bc1 Kh8 20. Bb1 Rad8 21. Kg1 Ba8 22. Bg5 {1-0 Kraehenbuehl,
G-Hardarson,R/Reykjavik 1982/MCD (43)}) (12. Rb1 Bd6 13. Qe2 Rd8 14. Bb2 Qe7
15. Rd1 Nc6 16. Bb1 Bd7 17. h4 b5 18. d5 Na5 19. cxb5 exd5 20. Qd3 {1-0 Lalic,
B-Medic,M/Pula 1996/EXT 98 (37)}) 12... Qd8 (12... Rd8 13. Qd3 Nc6 14. Rb1 Kf8
15. Qh7 Bd6 16. h4 {1-0 Isaksen,B-Ravikumar,V/Esbjerg 1980/EXT 98 (28)}) 13. h4
Nc6 14. Bb2 (14. Qd3 f5 15. d5 Ne7 16. Bb2 $36) 14... Be7 15. Qe2 Nb4 16. Bb1
Bd7 17. g4 Qc7 18. a3 Nc6 19. g5 Qf4 (19... hxg5 $2 20. hxg5 g6 21. d5 $18) 20.
Rg1 e5 21. d5 Bh3+ $2 (21... Nd4 22. Nxd4 exd4 23. Qd3 $36) 22. Ke1 Nd4 23.
Nxd4 exd4 24. Qd3 $1 {1-0 Beim,V-Gofshtein,L/Herzliya 1993/CBM 39/[Ribli] (37)}
) (11... Bc3 12. Rb1 Bxd4 13. Nxd4 (13. Ba3 Nd7 14. Qa4 $44) 13... Qxd4 14. Bb2
$36) 12. Bb2 O-O (12... Bc5 13. Bc2 (13. Be4 $5 O-O 14. Qd2 Bb4 $8 15. Qe2 Qe7
$14) 13... O-O 14. Qd3 Rd8 15. Rd1 $1 Kf8 16. Qe4 Bd6 17. h4 $1 {1-0 Seirawan,
Y-Kortschnoj,V/Wijk aan Zee 1980/MainBase/[ChessBase] (39) /\h5,Rh4-g4}) 13.
Qe2 {Weiß hat Übergewicht im Zentrum, die schwarze Dame steht unglücklich auf
f6. Es droht nun 14.d5.} Qe7 (13... Rd8 14. Rd1 Qe7 15. Qe4 f5 16. Qe3 b6 17.
Rg1 Ba3 18. Bxa3 Qxa3 19. g4 Qa4 20. Ra1 (20. Re1 $1) 20... Kh8 21. gxf5 exf5
22. d5 Qa3 23. Rd1 Qa4 24. Rd2 Ba6 25. Rg6 $16 {0-1 Arishin,S-Averchenko,S/
Tomsk 1997/EXT 2000 (35)}) (13... Qd8 14. Rd1 Re8 15. Bb1 Bd6 16. h4 Bd7 17.
Qd3 $40) 14. Rd1 {Dieser Turmzug ist typisch - in der Folge hat Weiß immer die
Option Bb1.} Bd6 15. h4 $14 {Weiß hat eine potentielle Angriffsstellung
erreicht, alle weißen Figuren zielen auf den schwarzen Königsflügel.} Bd7 16.
h5 f5 {Dieser Zug schwächt das Feld g6, zugleich aber kann Schwarz damit die
Aktivität des Bd3 einschränken.} (16... Nb4 17. Bb1 Ba4 18. Rd2 $14) 17. Nh4 {
[%csl Yg6]} Qf7 18. Ng6 Rfe8 19. f4 {Weiß hat großen Raumvorteil, aber die
schwarze Stellung wirkt fest.} Rac8 20. Rh3 {[%cal Gh3g3,Gg3g8,Gb2g7]} Ne7 21.
Ne5 Bxe5 22. Qxe5 {[%cal Gb2g7,Gh3g3,Gg3g7] Weiß besitzt das Läuferpaar und
übt spürbar Druck auf den shwarzen Feldern aus.} Kh8 23. d5 $1 {[%cal Gb2h8]
Mit diesem vorübergehenden Bauernopfer öffnet Weiß die Diagonale des Bb2.} Ng8
$1 {[%cal Gg8f6] Das Schlagen des Bauern wäre mehr als gefährlich, daher
bereitet Schwarz die Verteidigung des Königsflügels mit Nf6 vor.} (23... exd5
24. Rg3 Rg8 25. Re1 Nc6 (25... Rce8 26. Qd6 $18 {[%cal Rd6d7,Rd6h6]}) 26. Qxd5
(26. Qd6 d4) 26... Qxd5 27. cxd5 Nb4 28. Rg6 Kh7 29. Bb1 Rce8 (29... Nxd5 $2
30. Rd6 $18) 30. Rxe8 Bxe8 31. Re6 Bb5+ 32. Kg1 Bd3 (32... Nd3 33. Bxd3 Bxd3
34. Re7 $18 {[%csl Rg7,Rh7][%cal Rd5d6,Rd6d7]}) 33. Bxd3 Nxd3 34. Be5 Nb4 35.
d6 Nc6 36. Rg6 $16) 24. d6 Nf6 25. Be2 Ne4 26. Qa5 Bc6 27. Bf3 b6 (27... e5 28.
Bxe5 Qxc4+ 29. Kg1 {Jetzt droht 30.d7.} Qf7 30. Qxa7 Ra8 31. Qb6 $16 Rxa2 32.
d7 $18) 28. Qe5 Nf6 29. Be2 Ne4 30. Rd4 Bd7 $2 (30... Nc5 $142 $1 $14) {[#]}
31. Rxe4 $1 {[%mdl 512]} Rc5 (31... fxe4 32. Rg3 Rg8 33. Rg6 {Droht 34.Rxh6
Matt.} Kh7 34. Qxe4 Qf5 35. Bd3 $18 {[%csl Rh7][%cal Rd3h7]}) 32. Ree3 $1 (32.
Qxg7+ Qxg7 33. Bxg7+ Kxg7 34. Re5 $16 (34. Ree3 $16) (34. Rd4 e5 35. fxe5 Rcxe5
36. Rg3+ Kf7 37. Bf3 $16)) 32... Rxe5 33. Bxe5 {[%csl Ge5][%mdl 1024] Weiß hat
R+B für die Q, aber das Feld g7 ist so schwach, dass Weiß früher oder später
das Material - mit Mehrbauern - zurückgewinnt.} Rg8 34. Rhg3 {Droht 35.Rg6
nebst Turmverdopplung. Schwarz kann nur warten.} Kh7 35. Rg6 Be8 36. Reg3 Qd7
37. Rxg7+ Rxg7 38. Rxg7+ Qxg7 39. Bxg7 Kxg7 {Nach einigen forcierten Zügen hat
Weiß einen Bauern gewonnen, aber die Verwertung des Vorteils ist keine leichte
Sache.} 40. Kf2 Kf6 41. g4 (41. Ke3 e5) 41... e5 42. Kg3 Ke6 $2 (42... Bd7 $1
43. gxf5 (43. g5+ hxg5 44. fxe5+ Kxe5 45. h6 Kf6) (43. fxe5+ Kxe5 44. gxf5 Be8
$14) 43... exf4+ 44. Kxf4 Bxf5 $14 {Weiß hat einen Bauern mehr, aber der
Gewinn der Partie ist aufgrund das reduzierten Materials in weiter Ferne .})
43. g5 $1 hxg5 44. fxg5 $18 {Dieses Endspiel ist hoffnungslos für Schwarz -
die weißen Bauern am Königsflügel entscheiden die Partie.} f4+ (44... Kxd6 45.
Kh4 e4 (45... Ke7 46. h6 Kf8 47. Bh5 Bxh5 48. Kxh5 Kf7 49. g6+ Kf6 50. g7 Kf7
51. Kg5 f4 52. Kg4 Kg8 53. Kf3 a6 54. Ke4 Kf7 55. a3 a5 56. a4 Kg8 57. Kxe5 f3
58. Kf6 $18) 46. g6 f4 47. Kg5 f3 48. Bd1 Ke7 49. h6 Kf8 50. Kf6 f2 51. Be2 Kg8
52. c5 {[%cal Re2c4,Rc4g8]} b5 53. Bf1 e3 (53... a5 54. Bh3 Bd7 55. h7+ Kh8 56.
Kf7 $18) 54. Bd3 $18) 45. Kg4 Kxd6 46. g6 1-0

[Event "Goodricke op 12th"]
[Site "Kolkata"]
[Date "2001.02.11"]
[Round "6"]
[White "Ravi, Lanka"]
[Black "Kharlov, Andrei"]
[Result "1/2-1/2"]
[WhiteElo "2383"]
[BlackElo "2639"]
[PlyCount "67"]
[EventDate "2001.02.06"]
[EventType "swiss"]
[EventRounds "11"]
[EventCountry "IND"]
[SourceTitle "CBM 082"]
[Source "ChessBase"]
[SourceDate "2001.05.17"]
[SourceVersion "1"]
[SourceVersionDate "2001.05.17"]
[SourceQuality "1"]

1. d4 e6 2. c4 b6 3. a3 Bb7 4. Nc3 f5 5. Nf3 Nf6 6. g3 Ne4 7. Qd3 Be7 8. Bg2
Nxc3 9. Qxc3 Bf6 10. O-O O-O 11. Rd1 Be4 12. b4 a6 13. Bb2 b5 14. Ne1 Bxg2 15.
Nxg2 Nc6 16. Rac1 Rb8 17. cxb5 Rxb5 18. Nf4 Qe8 19. Qc4 Rb6 20. Rc2 d5 21. Qd3
g5 22. Ng2 Bd8 23. Bc1 Na7 24. Ne1 Qh5 25. Nf3 Nb5 26. Ne5 Qe8 27. f3 Nd6 28.
Bd2 Nf7 29. Rdc1 Nd6 30. Kg2 Qa4 31. Rc5 Qe8 32. Be3 Be7 33. Rc6 Bf6 34. Rxb6
1/2-1/2

[Event "Goodricke op 12th"]
[Site "Kolkata"]
[Date "2001.02.12"]
[Round "7"]
[White "Kharlov, Andrei"]
[Black "Prakash, GB."]
[Result "1-0"]
[WhiteElo "2639"]
[BlackElo "2453"]
[Annotator "Dautov"]
[PlyCount "67"]
[EventDate "2001.02.06"]
[EventType "swiss"]
[EventRounds "11"]
[EventCountry "IND"]
[SourceTitle "CBM 082"]
[Source "ChessBase"]
[SourceDate "2001.05.17"]
[SourceVersion "1"]
[SourceVersionDate "2001.05.17"]
[SourceQuality "1"]

1. e4 c6 2. d4 d5 3. exd5 cxd5 4. c4 Nf6 5. Nc3 e6 6. Nf3 Bb4 7. cxd5 Nxd5 8.
Qc2 Nc6 9. Be2 {Mit diesem ruhigen Entwicklungszug vermeidet Weiß die scharfe
Variante 9.Bd3 Ba5 10.a3 Nxc3 11.bxc3 Nxd4. Außerdem hat die Position des
Läufers auf e2 den Vorteil, daß Weiß die Batterie Qe4+Bd3 leicht aufbauen kann.
} O-O 10. O-O Be7 ({Empfehlenswert ist das flexible} 10... Re8 11. Rd1 Bf8 {
, z.B.} 12. Qe4 Bd7 13. Bg5 Be7 14. Bd2 f5 15. Qc2 Bf6 16. Nxd5 exd5 17. Bc3
Qb6 18. Bd3 g6 $11 {Kindermann,S-Bareev,E/Germany 2000}) 11. Rd1 Qb6 $6 {
Ein seltener Zug, die Dame steht nicht optimal auf b6. Logischer scheint 11...
Qd6 oder 11...Bf6 12.Qe4 Nce7.} 12. Qe4 Bf6 ({Den Nachteil der Position der
schwarzen Dame auf b6, die fehlende Kontrolle über das Schlüsselfeld d5,
demonstriert am besten die folgende Miniature:} 12... Rd8 13. Bd3 g6 14. Bc4
Nf6 15. Qe2 Nd5 16. Bh6 Bf6 $4 17. Bxd5 {1-0 Ulibin,M-Tukmakov,V/Pula 1999})
13. Bd3 g6 14. Bc4 $14 Nce7 15. Ne5 Bg7 16. Bb3 Qd8 {Schwarz gibt zu, daß sein
11. Zug fehlerhaft war.} (16... Rd8 17. Qf3 {><f7} f6 18. Ng4 $16) (16... Nf6
$5 17. Qf3 Nf5 18. Be3 $14) 17. Qf3 Bd7 18. Ne4 {Objektiv gesehen wohl nicht
der beste Zug, aber Kharlov wollte die Stellung nicht vereinfachen. Weiß
stellt die Drohung 19.Bg5 , und Schwarz übersieht sie.} (18. Bg5 f6 (18... Nxc3
19. bxc3 f6 $2 20. Qxb7 fxe5 21. dxe5 $18) 19. Nxd5 exd5 20. Nxd7 (20. Bxd5+ $2
Kh8 21. Bxf6 Bxf6 22. Nf7+ Rxf7 23. Bxf7 Qb6 $11) 20... Qxd7 21. Bf4 $14) 18...
Nc6 $4 {Der erste grobe Fehler von Prakash wird gleichzeitig zum letzten.
Schwarz verliert Material.} (18... Bc6 19. Bg5 f6 20. Nxc6 Nxc6 21. Be3 $14) ({
Richtig war} 18... Bb5 $142 $1 {, und Schwarz braucht Dank seinen
Möglichkeiten f7-f6 und Ne7-f5 nichts zu befürchten.}) 19. Bg5 $1 f6 (19...
Nxe5 20. dxe5 $16) (19... Qc7 20. Bxd5 exd5 21. Nf6+ Bxf6 22. Qxf6 $18) 20.
Nxd7 Qxd7 21. Nc5 fxg5 (21... Nxd4 22. Rxd4 fxg5 23. Qxf8+ Rxf8 24. Nxd7 Bxd4
25. Nxf8 Kxf8 26. Bxd5 exd5 27. Rd1 $18) (21... Qd6 22. Nxe6 $18) 22. Qxf8+
Kxf8 23. Nxd7+ Ke7 24. Ne5 $18 {Der Rest ist einfach.} Nxe5 25. dxe5 Rd8 26.
Rd2 g4 27. Rad1 Bxe5 28. Re2 Kf6 29. Rde1 Bd4 30. Rxe6+ Kf5 31. Re8 Rd6 32. Rd1
Nf6 33. Re2 Bc5 34. Bc2+ 1-0

[Event "Goodricke op 12th"]
[Site "Kolkata"]
[Date "2001.02.13"]
[Round "8"]
[White "Sorokin, Maxim"]
[Black "Kharlov, Andrei"]
[Result "1/2-1/2"]
[WhiteElo "2538"]
[BlackElo "2639"]
[PlyCount "28"]
[EventDate "2001.02.06"]
[EventType "swiss"]
[EventRounds "11"]
[EventCountry "IND"]
[SourceTitle "CBM 082"]
[Source "ChessBase"]
[SourceDate "2001.05.17"]
[SourceVersion "1"]
[SourceVersionDate "2001.05.17"]
[SourceQuality "1"]

1. e4 c5 2. Nf3 d6 3. d4 Nf6 4. Nc3 cxd4 5. Nxd4 a6 6. Be3 Ng4 7. Bc1 Nf6 8.
Be2 e5 9. Nb3 Be7 10. Be3 Be6 11. O-O O-O 12. f4 exf4 13. Rxf4 Nc6 14. Nd5 Nd7
1/2-1/2

[Event "Goodricke op 12th"]
[Site "Kolkata"]
[Date "2001.02.15"]
[Round "10"]
[White "Reinderman, Dimitri"]
[Black "Kharlov, Andrei"]
[Result "0-1"]
[WhiteElo "2539"]
[BlackElo "2639"]
[PlyCount "56"]
[EventDate "2001.02.06"]
[EventType "swiss"]
[EventRounds "11"]
[EventCountry "IND"]
[SourceTitle "CBM 082"]
[Source "ChessBase"]
[SourceDate "2001.05.17"]
[SourceVersion "1"]
[SourceVersionDate "2001.05.17"]
[SourceQuality "1"]

1. e4 c5 2. Nc3 Nc6 3. Nf3 d6 4. d4 cxd4 5. Nxd4 Nf6 6. Be3 e6 7. Be2 Be7 8.
O-O O-O 9. f4 e5 10. Nf5 Bxf5 11. exf5 exf4 12. Rxf4 d5 13. Kh1 Re8 14. Bg1 Bd6
15. Rf1 Re5 16. Nb5 Qe7 17. Bd3 Bc5 18. Bxc5 Qxc5 19. c3 Rd8 20. Qa4 Re3 21.
Rad1 Ne5 22. Bb1 Re2 23. b4 Qc6 24. Rfe1 Rxe1+ 25. Rxe1 Re8 26. Qa5 Nc4 27.
Rxe8+ Qxe8 28. Qxa7 Qxb5 0-1

[Event "Dubai op"]
[Site "Dubai"]
[Date "2001.04.15"]
[Round "1"]
[White "Sharma, Dinesh Kumar"]
[Black "Kharlov, Andrei"]
[Result "1/2-1/2"]
[WhiteElo "2385"]
[BlackElo "2639"]
[Annotator "Wedberg"]
[PlyCount "175"]
[EventDate "2001.04.15"]
[EventType "swiss"]
[EventRounds "9"]
[EventCountry "UAE"]
[SourceTitle "CBM 083"]
[Source "ChessBase"]
[SourceDate "2001.07.05"]
[SourceVersion "1"]
[SourceVersionDate "2001.07.05"]
[SourceQuality "1"]

1. e4 {Hecht} e5 2. Nf3 Nc6 3. Bb5 Nf6 4. O-O Nxe4 5. d4 Nd6 6. Bxc6 dxc6 7.
dxe5 Nf5 8. Qxd8+ Kxd8 9. Nc3 h6 10. h3 Bd7 11. b3 Kc8 12. Bb2 b6 (12... Ne7
13. Rad1 c5 (13... Ng6 14. Ne2 (14. Ne4 a5 15. Ne1 Nf4 16. a4 b6 17. Nd3 Nxd3
18. Rxd3 Bf5 19. Re1 Bb4 20. Re2 Kb7 $132 {1/2-1/2 Bruzon Bautista,L-Van den
Doel,E/Lisbon 2000/CBM 79 ext (50)}) 14... a5 15. a4 b6 16. Rd2 Bb4 17. c3 Be7
18. Rfd1 Rd8 19. c4 c5 20. e6 $1 $16 {1-0 Van den Doel,E-Narciso Dublan,M/
Mondariz 2000/CBM 79/[Wedberg] (40)}) 14. Rd3 b6 15. Rfd1 Bf5 16. R3d2 Kb7 17.
g4 Be6 18. Kg2 Ng6 19. Kg3 Be7 20. Ne4 a5 21. a4 c4 $132 {0-1 Szelag,M-Gdanski,
J/Zakopane 2000/CBM 78 ext (47)}) 13. Rad1 Ne7 14. Ne2 Ng6 15. Ng3 $146 {
[%mdl 8] Sharma is playing in a more aggressive way than the surprised
Kasparov in the first game of his match against Kramnik.} (15. Ne1 h5 $11 {
1/2-1/2 Kasparov,G-Kramnik,V/London 2000 (25)}) 15... c5 (15... h5 $6 16. Ng5
$1 Be8 17. e6 f6 18. Nf7 Bxf7 19. exf7 $16) 16. Nh5 $1 {A nice post for the N.
It attacks g7, prevents h5 and supports the advance of the f-P.} Rg8 17. c4 Bc6
18. Ne1 Nh4 19. g4 {A bit daring.} (19. f4 Nf5 20. Rf2 $14 {[%cal Yg2g4]})
19... Kb7 (19... Nf3+ 20. Nxf3 Bxf3 21. Rd2 $14 {[%cal Yf2f4,Yf4f5,Gg1h2,Gh2g3]
}) 20. f4 Be7 21. f5 (21. e6 $5 f6 22. f5) 21... Bg5 $1 $132 22. Nf4 Rad8 23.
Nd5 Bxd5 $5 (23... Rge8 $13) 24. cxd5 Be3+ 25. Kh2 Bd4 26. Bxd4 $1 Rxd5 27. Bf2
Rxd1 28. Bxh4 Re8 {Hecht: '[#] Ungleiche Bauernverteilung und Schwarz wird
noch Bauernmaterial hinzugewinnen.  Ungefähres dynamisches Gleichgewicht,
wobei Weiß seinen Turm nicht tauschen soll.'} 29. f6 ({Mehr Dynamik verspricht
} 29. e6 {Hecht} fxe6 30. f6 Rd2+ 31. Ng2 gxf6 32. Bxf6 Rxa2 33. Bg7 Ra3 34.
Bxh6 Rxb3 35. h4 {mit vielleicht besseren Konterchancen, auch wenn Schwarz
klar im Vorteil sein sollte.}) 29... g5 30. Bg3 Rd2+ 31. Ng2 Rxa2 {From a
material point of view Black is more than OK. The problem is the f6-P. If
White can free it he has a strong game. There also appears to be some time
pressure involved.} 32. Rd1 Kc6 33. Kg1 Ra3 {'-/+' Hecht.} 34. Ne3 Rxb3 35. Kf2
a5 36. Nf5 Rf8 (36... Rh8 37. e6 $13) 37. Ne7+ (37. Nxh6 $5 {Hecht} a4 38. h4
a3 39. hxg5 (39. e6 {Hecht} gxh4 40. Be5 fxe6 41. g5 a2 42. g6 Rg3 43. Bxg3
Rxf6+ 44. Bf4 Rxg6 {mit schwer einzuschätzender Stellung}) 39... a2 40. Ra1 Ra8
41. Nxf7 Rb1 42. Nd8+ Kd5 43. f7 Rb2+ 44. Kf3 Rxd8 45. g6 Ke6 46. Bf4 Ra8 47.
Kg3 b5 48. Bh6 Rb3+ 49. Kh4 Rf3 50. f8=Q Rfxf8 51. Bxf8 Rxf8 52. Rxa2 Kxe5 53.
Kg5 $13 {ist ein weiteres Abspiel mit vermutlich unerkannten Fallstricken auf
dem Weg bis hierher....!}) 37... Kb5 38. Nd5 (38. e6 {Hecht} fxe6 39. Be5 Rxh3
40. Ng6 Rf7 41. Nh8 Rxf6+ 42. Bxf6 {erneut mit sechs Bauern für zwei Figuren})
38... a4 39. Nxc7+ Kc6 40. Nd5 (40. e6 {Hecht} fxe6 41. Be5 Rxf6+ 42. Bxf6 Kxc7
$17) 40... a3 41. e6 $1 $132 fxe6 42. Ne7+ Kb5 43. Be5 a2 44. Ra1 Ra3 45. Ng6
Rf7 46. Ke2 Kb4 47. Rf1 Rxh3 (47... Ra8 $5 {Hecht}) 48. Nh8 Rxf6 (48... Rf8 49.
Ng6 Rf7 50. Nh8 $11) 49. Bxf6 {Hecht: '[#] Nur 5 Bauern für zwei Figuren, aber
Schwarz steht sehr aktiv und seine Bauern am Damenflügel sind schnell.'} c4 $13
50. Ba1 Kb3 51. Nf7 b5 52. Ne5 (52. Nd8 $142 $5 {Hecht} Rg3 53. Nxe6 Rxg4 54.
Nd4+ Ka4 55. Rf6) (52. Rf3+ {Hecht} Rxf3 53. Kxf3 c3 54. Ne5 b4 55. Nd3 Kc4 56.
Ke3 b3 $11 {ähnlich der Partiefortsetzung}) 52... b4 53. Nf3 c3 54. Ne5 Rh2+
55. Ke3 Rb2 56. Nd3 Rb1 57. Rc1 Kc4 58. Ke4 Rxc1 {Hecht: 'Hier verpasst
Schwarz definitiv den Gewinn.'} (58... Rxa1 $1 {Hecht} 59. Rxa1 b3 60. Rc1 Kb5
$1 61. Rxc3 a1=Q 62. Rxb3+ Kc4 63. Rb4+ Kc3 $19) 59. Nxc1 b3 60. Nd3 b2 61.
Nxb2+ cxb2 62. Bxb2 {'=' Hecht.} Kb3 63. Ba1 $11 Kc2 64. Ke5 Kd3 65. Bd4 Ke2
66. Ke4 Kf1 67. Kf3 Ke1 68. Ke3 Kd1 69. Kf3 Kd2 70. Bg7 Kd3 71. Ba1 Kc2 72. Ke4
Kd2 73. Kf3 Kc1 74. Ke4 Kc2 75. Ke5 Kd3 76. Bd4 Ke2 77. Ke4 Kd2 78. Ba1 Ke1 79.
Kf3 Kd1 80. Ke4 Ke2 81. Bd4 e5 82. Ba1 Kf2 83. Bxe5 Kg2 84. Ke3 a1=R 85. Bxa1
Kg3 86. Bg7 Kxg4 87. Bxh6 Kf5 88. Bxg5 1/2-1/2